000 00671nam a2200181 i 4500
001 163536
003 ES-MaACL
005 20230906212747.0
008 050714s1876 it | |||||||| ||ita d
040 _aCAM
_bspa
_cCAM
100 1 _aRinaudo, Costanzo.
_9131825
245 1 0 _aSaggio storico sulle origini del governo rappresentativo nei regni di Castiglia, di Francia e d'Inghilterra /
_cdi Costanzo Rinaudo.
260 _aTorino :
_b[Ermanno Loescher],
_c1876 (
_fVincenzo Bona)
300 _a142 p. ;
_c24 cm.
596 _aEl ed. tomado de la cub., donde consta la fecha 1877.
650 4 _aGobierno representativo.
_9138674
852 _aES-MaACL
_jF-788
_z-- Rust.
999 _c163536
_d163536